000 00736nam a22002055i 4500
001 166426
003 ES-MaACL
005 20240126063022.0
008 050915m18801900fr | |||||||| ||fre d
040 _aCAM
_bspa
_cCAM
100 1 _aTolstói, Lev,
_d1828-1910
_9110489
245 1 3 _aLe roman du mariage /
_cComte Léon Tolstoï ; traduit du russe par Michel Delines.
260 _aParis :
_bLibrairie Marpon et Flammarion,
_c[s.a.] (
_eLagny :
_fEmile Colin)
300 _a248 p. ;
_c18 cm.
596 _aProbablemente impreso en las últimas décadas del siglo XIX.
700 0 _aDelines, Michel.
_943521
852 _aES-MaACL
_jF-9854
_z-- Enc. hol. conservando la cub. original
999 _c166426
_d166426